منا ظر عا شق ہر گا نو ی (Record no. 166658)

MARC details
000 -LEADER
fixed length control field 00723nam a22001937a 4500
005 - DATE AND TIME OF LATEST TRANSACTION
control field 20190801162036.0
010 ## - LCCN (DPL NO)
LC control number UR-10328
020 ## - INTERNATIONAL STANDARD BOOK NUMBER
Terms of availability 300.00
International Standard Book Number 789388356565
035 ## - SYSTEM CONTROL NUMBER
System control number U-8883
037 ## - SOURCE OF ACQUISITION
Source of stock number/acquisition DBAD/PUB
082 ## - DEWEY DECIMAL CLASSIFICATION NUMBER
Classification number 921.305
100 ## - MAIN ENTRY--PERSONAL NAME
Personal name بی ا لہا م فا طمہ
245 ## - TITLE STATEMENT
Title منا ظر عا شق ہر گا نو ی
Statement of responsibility, etc بی ا لہا م فا طمہ
246 ## - VARYING FORM OF TITLE
Remainder of title Manazir Ashiq Harganvi:Khawateen Qalamkar Ki Nazar Mein (Urdu)
Title proper/short title by B. Ilham Fatima
260 ## - PUBLICATION, DISTRIBUTION, ETC. (IMPRINT)
Place of publication, distribution, etc Delhi
Name of publisher, distributor, etc Educational Publishing House
Date of publication, distribution, etc 2018 ء
270 ## - ADDRESS
Address 3191,Vakil Street,Kucha Pandit,Lal Kuan,
City Delhi
Postal code 110006
Telephone number 23214465
Fax number 00911123211540
300 ## - PHYSICAL DESCRIPTION
Extent 240 ص
Dimensions 22 Cm(Hb)
942 ## - ADDED ENTRY ELEMENTS (KOHA)
Source of classification or shelving scheme Dewey Decimal Classification
Item type Urdu Bks
Classification part 921.305
Call number suffix م ن ا
Holdings
Withdrawn status Lost status Not for loan Collection code Home library Current library Date acquired Source of acquisition Cost, normal purchase price Full call number Barcode Copy number Cost, replacement price Koha item type
      Non-fiction Central Library Central Library 01/08/2019 DBAD/PUB 300.00 921.305 م ن ا U-8883 1 300.00 Urdu Bks

© Delhi Public Library
Hit Counter
free hit counter